Women and children in prostitution : human rights perspectives : report of national workshop /

Saved in:
Bibliographic Details
Corporate Authors: Jt. Women's Programme (India), National Commission for Women (India), National Workshop on "Women and Children in Prostitution--Human Rights Perspectives"
Other Authors: Joshi, Madhu D.
Format: Book
Language:English
Published: New Delhi, India : Uppal Pub. House, 1997.
Subjects:
Tags: Add Tag
No Tags, Be the first to tag this record!
LEADER 01406aam a2200337 a 4500
001 007724937-2
005 20020606104010.5
008 970124s1997 ii 100 0 eng
010 |a  96906268  
020 |a 8185565767 
035 0 |a ocm36284710 
040 |a DLC  |c DLC 
042 |a lcode 
043 |a a-ii--- 
050 0 0 |a HQ239.I4  |b W66 1997 
082 0 0 |a 306.74/0954  |2 21 
245 0 0 |a Women and children in prostitution :  |b human rights perspectives : report of national workshop /  |c edited by Madhu D. Joshi. 
246 3 8 |a Woman and children in prostitution. 
260 |a New Delhi, India :  |b Uppal Pub. House,  |c 1997. 
300 |a viii, 134 p. ;  |c 23 cm. 
500 |a "A Joint Women's Programme publication." 
500 |a Papers of the National Workshop on "Women and Children in Prostitution--Human Rights Perspectives", held on 14-15 December, 1995, at New Delhi; organised by the National Commission for Women and the Joint Women's Programme. 
650 0 |a Prostitution  |z India  |v Congresses. 
650 0 |a Child prostitution  |z India  |v Congresses. 
651 0 |a India  |x Social conditions  |v Congresses. 
700 1 |a Joshi, Madhu D. 
710 2 |a Jt. Women's Programme (India) 
710 2 |a National Commission for Women (India) 
711 2 |a National Workshop on "Women and Children in Prostitution--Human Rights Perspectives"  |d (1995 :  |c New Delhi, India) 
988 |a 20020608 
906 |0 DLC